La Vida en otros mundos (Record no. 9573)

MARC details
000 -LEADER
campo de control de longitud fija 00882nam a2200265 i 4500
001 - NÚMERO DE CONTROL
campo de control 9573
003 - IDENTIFICADOR DE NÚMERO DE CONTROL
campo de control ES-MaACL
005 - FECHA Y HORA DE LA ÚLTIMA TRANSACCIÓN
campo de control 20230906145718.0
007 - CAMPO FIJO DE DESCRIPCIÓN FÍSICA--INFORMACIÓN GENERAL
campo de control de longitud fija t|
008 - DATOS DE LONGITUD FIJA--INFORMACIÓN GENERAL
campo de control de longitud fija 931110s1992 sp ||||1| spa d
020 ## - NÚMERO INTERNACIONAL ESTÁNDAR DEL LIBRO
Número Internacional Estándar del Libro 84-481-0036-0
080 ## - NÚMERO DE LA CLASIFICACIÓN DECIMAL UNIVERSAL
Número de la Clasificación Decimal Universal 573.5
100 1# - ENTRADA PRINCIPAL--NOMBRE DE PERSONA
Nombre de persona Alfonseca, Manuel.
9 (RLIN) 19843
245 13 - MENCIÓN DEL TÍTULO
Título La Vida en otros mundos
Resto del título : a la búsqueda de inteligencia extraterrestre /
Mención de responsabilidad, etc. Manuel Alfonseca ; prólogo de Enric Trillas.
260 ## - PUBLICACIÓN, DISTRIBUCIÓN, ETC.
Lugar de publicación, distribución, etc. Madrid :
Nombre del editor, distribuidor, etc. McGraw-Hill,
Fecha de publicación, distribución, etc. D.L.1992.
300 ## - DESCRIPCIÓN FÍSICA
Extensión 231, [8] p. de lám. col. :
Otras características físicas il. ;
Dimensiones 21 cm.
490 1# - MENCIÓN DE SERIE
Mención de serie Serie McGraw-Hill de divulgación científica
500 ## - NOTA GENERAL
Nota general Indice.
504 ## - NOTA DE BIBLIOGRAFÍA, ETC.
Nota de bibliografía, etc. Bibliografía: p. 131-135.
650 14 - PUNTO DE ACCESO ADICIONAL DE MATERIA--TÉRMINO DE MATERIA
Término de materia o nombre geográfico como elemento de entrada Exobiología.
9 (RLIN) 12682
700 1# - ENTRADA AGREGADA--NOMBRE PERSONAL
Nombre de persona Trillas, Enric.
9 (RLIN) 111427
830 0# - PUNTO DE ACCESO ADICIONAL DE SERIE-TÍTULO UNIFORME
Título uniforme Serie McGraw-Hill de divulgación científica
9 (RLIN) 178515
852 ## - LOCALIZACIÓN
Ubicación ES-MaACL
Número de control de estantería L-17110
Sublocalización o colección R.122036
Holdings
Estatus retirado Estado de pérdida Estado de daño No para préstamo Biblioteca de origen Biblioteca actual Ubicación en estantería Fecha de adquisición Fuente de adquisición Total de préstamos Signatura topográfica completa Código de barras Visto por última vez Precio de reemplazo Tipo de ítem Koha
        Biblioteca del Ateneo de Madrid Biblioteca del Ateneo de Madrid Depósito 2 17/01/2008     L-17110 1009769 23/02/2023 23/02/2023 Libro impreso